[Event "Titled Tue 14th Jan Late"]
[Site "chess.com INT"]
[Date "2025.01.15"]
[Round "11"]
[White "Nakamura,Hi"]
[Black "Bok,B"]
[Result "1-0"]
[WhiteElo "2802"]
[BlackElo "2583"]

1.e4 c5 2.Nf3 d6 3.c3 Nf6 4.Bd3 Nc6 5.Bc2 Bg4 6.h3 Bh5 7.d3 e6 8.Nbd2 d5
9.Qe2 Be7 10.Nf1 h6 11.Ng3 Bg6 12.O-O Qc7 13.Re1 O-O 14.e5 Nd7 15.h4 Rac8
16.h5 Bh7 17.Bf4 b5 18.a3 a5 19.Nh2 b4 20.Ng4 Kh8 21.Ba4 bxc3 22.bxc3 Rb8
23.Qd2 Rb7 24.Bc2 Rfb8 25.Qd1 Rb2 26.Bc1 R2b7 27.Qe2 Qd8 28.Ba4 Qc7 29.Kh2 Rb1
30.Bf4 R1b2 31.Qf3 Nb6 32.Bd1 Nd7 33.Ba4 Nb6 34.Bxc6 Qxc6 35.Bc1 Rc2 36.Qxf7 Bh4
37.Nf6 Qb7 38.Qxe6 Rxf2 39.Nxh7 Kxh7 40.Be3 Rff8 41.Bxc5 Qf7 42.Qg6+ Qxg6
43.hxg6+ Kxg6 44.Bxf8 Rxf8 45.Rf1 Rc8 46.Nf5 Bg5 47.Rab1 Na4 48.Rb7 Rxc3
49.Rxg7+ Kh5 50.Kh3 Rxd3+ 51.Ng3+ Rxg3+ 52.Kxg3 Bh4+ 53.Kh3 Nc3 54.g4+  1-0

[Event "Titled Tue 21st Jan Late"]
[Site "chess.com INT"]
[Date "2025.01.21"]
[Round "1"]
[White "Nakamura,Hi"]
[Black "Hnydiuk,A"]
[Result "1-0"]
[WhiteElo "2802"]
[BlackElo "2342"]

1.b3 e5 2.Bb2 Nc6 3.e3 Nf6 4.Bb5 Bd6 5.Na3 Na5 6.Be2 a6 7.c4 Qe7 8.Nc2 Nc6
9.d3 O-O 10.Nf3 Nb4 11.O-O Nxc2 12.Qxc2 c6 13.d4 e4 14.Nd2 Bb8 15.c5 d5 16.cxd6 Bxd6
17.Nc4 Re8 18.Nxd6 Qxd6 19.h3 Nd5 20.Bc4 Qg6 21.Kh1 h5 22.Bxd5 cxd5 23.Rac1 Bd7
24.Qc7 Bc6 25.a4 Re6 26.Ba3 Rae8 27.Rc2 Qg5 28.Bd6 Rg6 29.Rg1 h4 30.Bf4 Qf5
31.Rgc1 Rge6 32.Qa5 g5 33.Be5 Kh7 34.Qe1 Rg8 35.Qe2 g4 36.hxg4 Rxg4 37.f3 Rg8
38.fxe4 Qxe4 39.Rf1 Qg6 40.Rf4  1-0

[Event "Titled Tue 21st Jan Early"]
[Site "chess.com INT"]
[Date "2025.01.21"]
[Round "1"]
[White "Nakamura,Hi"]
[Black "Ismagilov,Damir"]
[Result "1-0"]
[WhiteElo "2802"]
[BlackElo "2173"]

1.b3 e5 2.Bb2 Nc6 3.e3 d5 4.Bb5 Ne7 5.Bxe5 a6 6.Bxc6+ Nxc6 7.Bb2 Qg5 8.Kf1 Bg4
9.Nf3 Qh6 10.h3 Bf5 11.Nc3 O-O-O 12.Ne2 Bd6 13.d3 Rhe8 14.a3 g5 15.Kg1 Qg6
16.b4 h5 17.Qd2 Rg8 18.Rf1 h4 19.Ned4 Nxd4 20.Bxd4 Qh5 21.Bc5 g4 22.hxg4 Qxg4
23.Nxh4 Be5 24.f3 Qh5 25.Nxf5 Qxf5 26.Bd4 Bxd4 27.exd4 Rh8 28.Rxh8 Rxh8 29.Kf2 Qf6
30.Qe3 Kd7 31.Re1 Qh4+ 32.Kf1 Qh1+ 33.Qg1 Qh4 34.c3 c6 35.Re3 Qg3 36.Re1 Rh5
37.Qf2 Rh1+ 38.Ke2 Rxe1+ 39.Kxe1 Qh2 40.Ke2 Qh1 41.Qf1 Qh6 42.a4 Qe6+ 43.Kd1 Qh6
44.a5 Qe3 45.Kc2 Qf4 46.Qf2 Qh6 47.Qe2 Qh1 48.Kb2 Qg1 49.f4 Qh1 50.f5 Qg1
51.f6 Kc8 52.Qe8+ Kc7 53.Qxf7+ Kb8 54.Qe8+ Ka7 55.Qe2 Qh2 56.Qf2  1-0

[Event "Titled Tue 21st Jan Late"]
[Site "chess.com INT"]
[Date "2025.01.21"]
[Round "2"]
[White "Ambartsumova,K"]
[Black "Nakamura,Hi"]
[Result "0-1"]
[WhiteElo "2405"]
[BlackElo "2802"]

1.Nf3 g6 2.d4 Bg7 3.e4 c5 4.c3 cxd4 5.cxd4 d5 6.e5 Bg4 7.Nc3 a6 8.h3 Bxf3
9.Qxf3 Nc6 10.Be3 e6 11.Qd1 f6 12.exf6 Qxf6 13.Qa4 Ne7 14.Be2 O-O 15.Rd1 Nf5
16.O-O Nfxd4 17.Bd3 b5 18.Bxd4 Nxd4 19.Qa3 Rf7 20.Qd6 Qg5 21.Ne2 Nf3+ 22.Kh1 Qe5
23.Qxe5 Nxe5 24.b3 Nxd3 25.Rxd3 Rc8 26.Rd2 Rfc7 27.Nf4 Bh6  0-1

[Event "Titled Tue 21st Jan Early"]
[Site "chess.com INT"]
[Date "2025.01.21"]
[Round "2"]
[White "Riff,V"]
[Black "Nakamura,Hi"]
[Result "0-1"]
[WhiteElo "2368"]
[BlackElo "2802"]

1.e4 g6 2.d4 c6 3.Nf3 d5 4.Nc3 Bg4 5.h3 Bxf3 6.Qxf3 e6 7.e5 a6 8.h4 c5 9.dxc5 Nc6
10.Bf4 h5 11.Bd3 Bxc5 12.Qg3 Nge7 13.O-O Qc7 14.Rfd1 Bd4 15.Re1 O-O-O 16.Rad1 Nf5
17.Bxf5 gxf5 18.Ne2 Bxe5 19.Bxe5 Nxe5 20.Nd4 Nc6 21.Qc3 Rhg8 22.Re3 Rg4 23.Nxc6 bxc6
24.Qa3 a5 25.b4 Rdg8 26.bxa5 Rxg2+ 27.Kf1 Qh2 28.Rf3 Qe5 29.Qe3 Qxe3 30.Rxe3 Rg1+
31.Ke2 Rxd1 32.Kxd1 Rg4 33.Rc3 Kc7  0-1

[Event "Titled Tue 21st Jan Early"]
[Site "chess.com INT"]
[Date "2025.01.21"]
[Round "3"]
[White "Nakamura,Hi"]
[Black "Shirov,A"]
[Result "1-0"]
[WhiteElo "2802"]
[BlackElo "2648"]

1.b3 d5 2.Bb2 Bg4 3.h3 Bh5 4.g3 Nf6 5.Bg2 e6 6.Nf3 Nbd7 7.d3 Bd6 8.g4 Bg6
9.Nh4 Qe7 10.a3 a5 11.e3 c6 12.Nd2 O-O 13.O-O Rfe8 14.f4 h6 15.e4 e5 16.f5 Bh7
17.Nhf3 g6 18.Kh1 gxf5 19.gxf5 Kh8 20.Nh2 Rg8 21.Qe2 Rg3 22.Rf3 Nh5 23.Ndf1 Rag8
24.Nxg3 Nxg3+ 25.Rxg3 Rxg3 26.Ng4 h5 27.Nh2 Qh4 28.Nf3 Qe7 29.Bc3 b6 30.Be1 Rg8
31.Bh4 f6 32.Nh2 Qf7 33.b4 axb4 34.axb4 Nf8 35.Bf3 Bxb4 36.Bxh5 Qg7 37.Ng4 Be7
38.Ra7  1-0

[Event "Titled Tue 21st Jan Late"]
[Site "chess.com INT"]
[Date "2025.01.21"]
[Round "3"]
[White "Nakamura,Hi"]
[Black "Tristan,L"]
[Result "1-0"]
[WhiteElo "2802"]
[BlackElo "2542"]

1.b3 d5 2.Bb2 Bf5 3.d3 e6 4.Nd2 Nf6 5.g3 h6 6.Bg2 Bh7 7.Nh3 Be7 8.e4 c6 9.Qe2 a5
10.a3 O-O 11.O-O Nbd7 12.Rfe1 Qb6 13.Kh1 Rfd8 14.f4 dxe4 15.dxe4 Bc5 16.e5 Nd5
17.Be4 Bxe4+ 18.Nxe4 Bf8 19.Nhf2 Nc5 20.Nxc5 Bxc5 21.Ne4 Bf8 22.Rf1 Qe3 23.Qg2 a4
24.b4 Bxb4 25.axb4 a3 26.Bc1 Qd4 27.Ra2 Qxb4 28.Qf3 Ra4 29.Nd6 Nc3 30.Bd2 Nxa2
31.Bxb4 Nxb4 32.Qb3 b5 33.c4 a2 34.Ra1 Rda8 35.cxb5 cxb5 36.f5 Nd5 37.Qc2 b4
38.fxe6 fxe6 39.h4 Ra3 40.Kh2 b3 41.Qd2 Rb8 42.Nc4 Ra4 43.Nb2 Raa8 44.Qd3 Ra3
45.Qg6 Nb4 46.Qxe6+ Kh8 47.Qd6 Raa8 48.e6 Nc2 49.Rc1 a1=Q 50.Rxa1 Nxa1 51.e7 Nc2
52.Nc4 Nb4 53.g4 Na2 54.Kg3 Nc3 55.Qe6 Re8 56.Qc6 Rab8 57.Qd7 Nb5 58.g5 hxg5
59.hxg5 g6 60.Ne5 Kg7 61.Qe6 Nd4 62.Qf7+ Kh8 63.Nxg6+  1-0

[Event "Titled Tue 21st Jan Late"]
[Site "chess.com INT"]
[Date "2025.01.21"]
[Round "4"]
[White "Ilinca,Felix-Antonio"]
[Black "Nakamura,Hi"]
[Result "0-1"]
[WhiteElo "2440"]
[BlackElo "2802"]

1.d4 g6 2.Nc3 c6 3.Bf4 d6 4.e4 Bg7 5.Nf3 Bg4 6.Be2 Bxf3 7.Bxf3 Qb6 8.Ne2 c5
9.c3 Nc6 10.dxc5 Qxc5 11.Be3 Qa5 12.g3 Nf6 13.O-O O-O 14.Qb3 Rab8 15.h3 Rfc8
16.Bg2 Ne5 17.Nd4 b5 18.a3 a6 19.Rad1 Qc7 20.f4 Nc4 21.Bf2 e5 22.Ne2 a5 23.f5 Bh6
24.Qc2 Nh5 25.Bf3 Nf6 26.Rd3 d5 27.Rxd5 Nxd5 28.exd5 Be3 29.b3 Bxf2+ 30.Rxf2 Nd6
31.fxg6 hxg6 32.Bg2 a4 33.bxa4 bxa4 34.Qxa4 Rb2 35.Qg4 Qc5 36.h4 Qc4 37.Qf3 e4
38.Qe3 Qd3 39.Qf4 e3  0-1

[Event "Titled Tue 21st Jan Early"]
[Site "chess.com INT"]
[Date "2025.01.21"]
[Round "4"]
[White "Nagare Kaivalya Sandip"]
[Black "Nakamura,Hi"]
[Result "0-1"]
[WhiteElo "2352"]
[BlackElo "2802"]

1.e4 g6 2.d4 c6 3.Nc3 d5 4.e5 b6 5.Be3 Ba6 6.Bxa6 Nxa6 7.Qe2 Nc7 8.f4 Qc8
9.O-O-O Qa6 10.Qf2 b5 11.Kb1 b4 12.Nce2 e6 13.Nf3 h5 14.h3 Nh6 15.g4 hxg4
16.Ng5 gxh3 17.Qf3 Nf5 18.Ng3 h2 19.Nxf5 exf5 20.Qg2 Be7 21.Rxh2 Rxh2 22.Qxh2 Bxg5
23.fxg5 O-O-O 24.Bd2 Qb5 25.Qh7 Rd7 26.Qg8+ Kb7 27.Qf8 Ne6 28.Qe8 Rc7 29.Be1 a5
30.Rd3 Ka7 31.a3 Qb8 32.Qxb8+ Kxb8 33.axb4 axb4 34.Bxb4 Kc8 35.Bd6 Rb7 36.b3 Nxg5
37.Kc1 Kd7 38.c4 f4 39.Kc2 Ne4 40.c5 g5 41.Rh3 Ke6 42.Rh6+ Kf5 43.Bf8 f3  0-1

[Event "Titled Tue 21st Jan Early"]
[Site "chess.com INT"]
[Date "2025.01.21"]
[Round "5"]
[White "Nakamura,Hi"]
[Black "Ragger,M"]
[Result "1-0"]
[WhiteElo "2802"]
[BlackElo "2580"]

1.b3 Nf6 2.Bb2 g6 3.g3 Bg7 4.Bg2 d5 5.Nf3 c5 6.e3 Nc6 7.Ne5 Nxe5 8.Bxe5 Be6
9.d3 O-O 10.O-O Qd7 11.Nc3 Bh3 12.Bxh3 Qxh3 13.Bxf6 Bxf6 14.Nxd5 Bxa1 15.Nxe7+ Kg7
16.Qxa1+ f6 17.Nd5 Rae8 18.e4 h5 19.f3 Rf7 20.a3 Qe6 21.b4 Qd6 22.Kg2 Rc8
23.b5 c4 24.d4 f5 25.Nf4 fxe4 26.fxe4 Rcf8 27.Ne6+ Qxe6 28.d5+ Qf6 29.Rxf6 Rxf6
30.Qd4 h4 31.e5 h3+ 32.Kxh3 Rf2 33.e6+ Kh7 34.e7 R8f5 35.e8=Q  1-0

[Event "Titled Tue 21st Jan Late"]
[Site "chess.com INT"]
[Date "2025.01.21"]
[Round "5"]
[White "Nakamura,Hi"]
[Black "Xiong,Jeffery"]
[Result "0-1"]
[WhiteElo "2802"]
[BlackElo "2636"]

1.e4 c5 2.Nf3 e6 3.c3 Nc6 4.g3 d5 5.d3 dxe4 6.dxe4 Qxd1+ 7.Kxd1 Nf6 8.Nbd2 b6
9.Bb5 Bb7 10.Ne5 Rc8 11.a4 h5 12.f3 h4 13.g4 Bd6 14.Ndc4 Bb8 15.a5 O-O 16.Bxc6 Bxc6
17.axb6 axb6 18.Nxc6 Rxc6 19.h3 b5 20.Na3 Ra6 21.Bg5 Be5 22.Ke2 Rfa8 23.Rac1 b4
24.Nc4 Bg3 25.cxb4 cxb4 26.Rhd1 Ra2 27.Rd3 Nh7 28.Bd2 Nf8 29.f4 Ng6 30.Kf3 e5
31.f5 Nf4 32.Bxf4 Bxf4 33.Rcd1 Kh7 34.Rb3 Rb8 35.Ke2 Ra6 36.Rd7 Rc6 37.Kd3 Ra8
38.Rxb4 Ra1 39.Rxf7 Rh1 40.b3 Rxh3+ 41.Kc2 Rg3 42.Rb8 h3 43.Rff8 Kh6 44.Rb7 g6
45.f6 Kg5 46.f7 Rf6 47.Rh8 Rg2+ 48.Kc3 h2 49.Kb4 Kxg4 50.Nb6 g5 51.Nd5 Rxf7
52.Rxf7 Rg1 53.Rfh7 Kf3 54.Nxf4 exf4 55.Rxh2 g4 56.Rc2 g3 57.e5 Re1 58.Rc3+ Kf2
59.Rf8 Re4+ 60.Kc5 g2 61.Rc2+ Kf1 62.Rg8 f3 63.Kd5 Re2 64.Rc1+ Re1 65.Rc2 Re2
66.Rc1+ Re1 67.Rxe1+ Kxe1 68.e6 f2 69.e7 g1=Q 70.e8=Q+ Kd2 71.Rxg1 fxg1=Q
72.Qe4 Kc3 73.Qc4+ Kb2 74.b4 Qg5+ 75.Kc6 Qf6+ 76.Kb5 Qe5+ 77.Qc5 Qb8+ 78.Kc4 Qg8+
79.Qd5 Qc8+ 80.Qc5 Qg8+ 81.Qd5 Qc8+ 82.Kb5 Qb8+ 83.Kc5 Ka3 84.Qd3+ Ka4 85.Qc2+ Ka3
86.Qc3+ Ka4 87.Qa1+ Kb3 88.Qd1+ Ka3 89.b5 Qc7+ 90.Kd4 Qd6+  0-1

[Event "Titled Tue 21st Jan Late"]
[Site "chess.com INT"]
[Date "2025.01.21"]
[Round "6"]
[White "Pakleza,Z"]
[Black "Nakamura,Hi"]
[Result "0-1"]
[WhiteElo "2485"]
[BlackElo "2802"]

1.d4 g6 2.Nf3 d6 3.Bf4 Nd7 4.e3 Bg7 5.h3 Nh6 6.Be2 e5 7.Bh2 O-O 8.O-O Nf5
9.c3 Qe7 10.a4 e4 11.Nfd2 Nh6 12.a5 f5 13.c4 c5 14.Nb3 Nf7 15.Nc3 Nf6 16.Na4 cxd4
17.Nxd4 Nd7 18.b4 Be5 19.Nc3 Bxh2+ 20.Kxh2 Nf6 21.Kg1 Bd7 22.Qb3 Kg7 23.a6 b6
24.Rfd1 Rac8 25.Ncb5 Ra8 26.Nc7 Rac8 27.Ncb5 Ra8 28.Nc7 Rab8 29.Ncb5 Be8
30.Qc3 Kh6 31.Nxa7 Qxa7 32.Nxf5+ Kg5 33.Nxd6 Qe7 34.Nxf7+ Rxf7 35.c5 bxc5
36.bxc5 Kh6 37.c6 Kg7 38.c7 Qxc7 39.a7 Ra8 40.Qd4 Rxa7 41.Bc4 Rxa1 42.Rxa1 Rd7
43.Qc3 Bf7 44.Rc1 Bxc4  0-1

[Event "Titled Tue 21st Jan Early"]
[Site "chess.com INT"]
[Date "2025.01.21"]
[Round "6"]
[White "Gokerkan,Cem Kaan"]
[Black "Nakamura,Hi"]
[Result "1/2-1/2"]
[WhiteElo "2473"]
[BlackElo "2802"]

1.e4 c6 2.d4 d5 3.e5 Bf5 4.h4 h5 5.c4 e6 6.Nc3 Nd7 7.cxd5 cxd5 8.Bd3 Bxd3
9.Qxd3 a6 10.Nf3 Ne7 11.Bg5 Qb6 12.O-O Nc6 13.Nxd5 exd5 14.e6 Nf6 15.exf7+ Kxf7
16.Ne5+ Nxe5 17.dxe5 Ng4 18.Qxd5+ Qe6 19.Qxb7+ Be7 20.Qf3+ Kg6 21.Qe4+ Kf7
22.Qf3+ Kg6 23.Qe4+ Kf7 24.Qf3+  1/2-1/2

[Event "Titled Tue 21st Jan Late"]
[Site "chess.com INT"]
[Date "2025.01.21"]
[Round "7"]
[White "Nakamura,Hi"]
[Black "Svane,R"]
[Result "1/2-1/2"]
[WhiteElo "2802"]
[BlackElo "2624"]

1.b3 d5 2.Bb2 Nf6 3.d3 c5 4.Nd2 Nc6 5.Ngf3 g6 6.g3 Bg7 7.Bg2 O-O 8.Ne5 Nxe5
9.Bxe5 Be6 10.O-O Qd7 11.c4 Rac8 12.Rc1 Rfd8 13.Qc2 b6 14.Qb2 Bh6 15.Bxf6 exf6
16.cxd5 Bxd2 17.Qxd2 Bxd5 18.Bxd5 Qxd5 19.Rc2 a5 20.Rc4 Rc6 21.Rfc1 Re6 22.a3 Rde8
23.e3 Rd8 24.d4 Red6 25.b4 axb4 26.axb4 cxd4 27.Rxd4 Qe5 28.Rcc4 Kg7 29.h4 h5
30.Kf1 b5 31.Rxd6 Rxd6 32.Rd4 Rc6 33.Qd3 Qe6 34.Kg2 Rc4 35.e4 Qc6 36.Rxc4 bxc4
37.Qc2 c3 38.b5 Qc4 39.b6 Qb4 40.b7 Qxb7 41.Qxc3 Qxe4+ 42.Kh2 Qe2 43.Kg1 Qd1+
44.Kg2 Qd5+ 45.Kg1 Qe4 46.Qa1 Qe5 47.Qd1 Qc3 48.Kg2 Qb2 49.Kg1 Qb7 50.Qa1 Qd5
51.Qc3 Qe5 52.Qc1 g5 53.hxg5 fxg5 54.Qd1 Kg6 55.Qd8 Kg7 56.Qd1 Kh6 57.Qd8 Kh7
58.Qd1 Kg6 59.Qd8 Qf6 60.Qg8+ Kh6 61.Qf8+ Qg7 62.Qd6+ Kh7 63.Qd1 Qg6 64.Qd7 Kg7
65.Qd4+ Qf6 66.Qd1 Kg6 67.Qd3+ Kh6 68.Qd1 h4 69.gxh4 gxh4 70.Kg2 Qf4 71.Qd7 Kg5
72.Qd8+ Kg6 73.Qg8+ Kf6 74.Qh8+ Ke7 75.Qc3 Ke6 76.Qc6+ Kf5 77.Qc8+ Kf6 78.Qh8+ Ke7
79.Qc8 Qe4+ 80.Kh3 Qh1+ 81.Kg4 Qg2+ 82.Kxh4 Qxf2+ 83.Kg4 Qe2+ 84.Kg3 Qe5+
85.Kg2 Qg5+ 86.Kh1 Qd5+ 87.Kg1 Qe6 88.Qc7+ Kf6 89.Qf4+ Qf5 90.Qd6+ Kg5 91.Qd8+ Qf6
92.Qa8 Qd4+ 93.Kg2 Qg4+ 94.Kh2 Qf4+ 95.Kg2 Qe5 96.Qg8+ Kf6 97.Qh8+ Kf5 98.Qh7+ Ke6
99.Qc2 Qd5+ 100.Kh2 Qe5+ 101.Kg2 Qg5+ 102.Kh2 Qh6+ 103.Kg2 Qg6+ 104.Qxg6+ fxg6
105.Kf2 Kf6 106.Kg2 Ke5 107.Kg3 Kf5 108.Kf3 Kg5 109.Kg3 Kh5 110.Kh3 Kh6 111.Kg4 g5
112.Kg3 g4 113.Kh4 g3 114.Kh3 g2 115.Kh2 Kg7 116.Kg1 Kf6 117.Kf2 g1=Q+ 118.Kxg1  1/2-1/2

[Event "Titled Tue 21st Jan Early"]
[Site "chess.com INT"]
[Date "2025.01.21"]
[Round "7"]
[White "Nakamura,Hi"]
[Black "Moroni,L"]
[Result "1-0"]
[WhiteElo "2802"]
[BlackElo "2545"]

1.b3 b6 2.Bb2 Bb7 3.Nf3 Nf6 4.e3 e6 5.g3 g6 6.Bg2 Bg7 7.O-O O-O 8.d4 d6 9.c4 Nbd7
10.Qc2 Qe7 11.Nc3 a6 12.Rad1 c5 13.d5 exd5 14.Ne1 b5 15.Nxd5 Nxd5 16.Bxd5 Bxd5
17.Bxg7 Kxg7 18.Rxd5 Nb6 19.Rd2 Rfd8 20.Ng2 d5 21.cxb5 axb5 22.Rfd1 g5 23.Ne1 b4
24.Nf3 h6 25.h4 Ra5 26.hxg5 hxg5 27.Kg2 Rh8 28.Qf5 Qf6 29.Qg4 Qg6 30.Rxd5 Nxd5
31.Rxd5 Rh5 32.Rd7 Rxa2 33.Ne5 Rxf2+ 34.Kxf2 Qf6+ 35.Qf3 Rh2+ 36.Kg1 Qxf3
37.Nxf3 Rb2 38.Nd2 Kf6 39.e4 Ke6 40.Rd3 Ke5 41.Nc4+ Kxe4 42.Nxb2  1-0

[Event "Titled Tue 21st Jan Late"]
[Site "chess.com INT"]
[Date "2025.01.21"]
[Round "8"]
[White "Nakamura,Hi"]
[Black "Stefansson,Vignir Vatnar"]
[Result "1-0"]
[WhiteElo "2802"]
[BlackElo "2550"]

1.b3 d5 2.Bb2 Nf6 3.d3 c5 4.Nd2 Nc6 5.Ngf3 Qc7 6.g3 e5 7.e4 d4 8.Bg2 Be7
9.O-O h6 10.c3 dxc3 11.Bxc3 Be6 12.Nc4 Nd7 13.Ne3 Nf6 14.Qc2 O-O 15.Qb2 Nd4
16.Rac1 Qd6 17.Bxd4 cxd4 18.Nc4 Bxc4 19.Rxc4 b5 20.Rc2 Nd7 21.Rfc1 Qa3 22.Qb1 Bd6
23.Bh3 Nc5 24.Nxe5 Nxb3 25.axb3 Bxe5 26.f4 Bd6 27.e5 Be7 28.Bf5 a5 29.Be4 Rab8
30.Rc7 a4 31.R1c2 Rfd8 32.Kg2 Bb4 33.e6 fxe6 34.Qd1 Bd6 35.Ra7 Qxb3 36.Qe2 Rbc8
37.Rb2 Qc3 38.Kh3 Rc5 39.Qg4 Rc7 40.Qxe6+ Kf8 41.Qf5+ Kg8 42.Qd5+ Kf8 43.Qf5+ Kg8
44.Qe6+ Kf8 45.Rxb5  1-0

[Event "Titled Tue 21st Jan Early"]
[Site "chess.com INT"]
[Date "2025.01.21"]
[Round "8"]
[White "Sadhwani,Raunak"]
[Black "Nakamura,Hi"]
[Result "1/2-1/2"]
[WhiteElo "2675"]
[BlackElo "2802"]

1.e4 c6 2.d4 g6 3.Nc3 d5 4.e5 e6 5.f4 c5 6.Nf3 Nc6 7.Be3 b6 8.Qd2 Nh6 9.Bd3 Nf5
10.Bxf5 gxf5 11.O-O Ba6 12.Rfe1 Rc8 13.Nd1 Be7 14.c3 Rg8 15.Nf2 Na5 16.b3 Nc6
17.Rac1 Qd7 18.Red1 c4 19.b4 Bb5 20.a3 Kd8 21.Qc2 Nb8 22.Qb2 h6 23.Kh1 Kc7
24.Ra1 Kb7 25.Rdb1 a6 26.Nd1 Ba4 27.Qe2 Rg6 28.Nb2 Bb3 29.a4 Rcg8 30.Rg1 Nc6
31.Bd2 Bc2 32.Be3 Be4 33.Nd1 Bd8 34.Nf2 Ne7 35.b5 a5 36.Nxe4 fxe4 37.Nh4 Rg4
38.g3 Nf5 39.Nxf5 exf5 40.Bf2 Qe6 41.h3 R4g7 42.Rg2 Qg6 43.Kg1 h5 44.Kh2 Qh6
45.Be3 Qh7 46.Rag1 Kc7 47.Qe1 Kd7 48.Qe2 Ke6 49.Qf1 Be7 50.Qe2 Rg6 51.Qf1 Bf8
52.Qe2 Rh8 53.Qf1 Bh6 54.Qe2 Qg8 55.Qf2 Qg7 56.Qe2 Qg8 57.Qf2 Bf8 58.Qe2 Be7
59.Qf2 Qf8 60.Qe2 f6 61.Qf2 Qg7 62.Qe2 Qf8 63.Qf2 fxe5 64.dxe5 Bc5 65.Bd4 Bxd4
66.Qxd4 Qc5 67.Rd1 Rhg8 68.h4 Rg4 69.Kh3 R4g6 70.Kh2 Rg4 71.Kh3 e3 72.Re1 Qxd4
73.cxd4 R4g6 74.Rxe3 Rg4 75.Rc3 R8g7 76.Rf2 Rg8 77.Rd2 R8g7 78.Rf2 Rg8 79.Rff3 R8g7
80.Rfe3 Rg8 81.Rf3 Rf8 82.Rf2 Re8 83.Rff3 Rd8 84.Rfe3 Rc8 85.Rf3 Rb8 86.Kg2 Ra8
87.Kf2 Ra7 88.Ke2 Rc7 89.Kf1 Rc8 90.Kf2 Rcg8 91.Kf1 R8g6 92.Ke2 Kf7 93.Kd2 Rg7
94.Kc2 Ke6 95.Rce3 R4g6 96.Kc3 Rg8 97.Kb2 R6g7 98.Rc3 Rf7 99.Kc2 Rfg7 100.Kd2 Rf7
101.Ke2 Re7 102.Kf2 Rd7 103.Rfe3 Rdd8 104.Rf3 Rc8 105.Ke2 Rb8 106.Kd2 Ra8
107.Kc2 Rg7 108.Kd2 Rg6 109.Ke2 Rh6 110.Kf2 Rh7 111.Rfe3 Rc8 112.Ke2 Rf8
113.Kf2 Rg8 114.Rf3 Rf7 115.Ke2 Rff8 116.Kf2 Rg6 117.Rfe3 Rfg8 118.Rf3 Rb8
119.Ke2 Rb7 120.Kd2 Rg8 121.Kc2 Rgb8 122.Kb2 Ra7 123.Kc2 Rba8 124.Kd2  1/2-1/2

[Event "Titled Tue 21st Jan Early"]
[Site "chess.com INT"]
[Date "2025.01.21"]
[Round "9"]
[White "Nakamura,Hi"]
[Black "Kravtsiv,M"]
[Result "1-0"]
[WhiteElo "2802"]
[BlackElo "2598"]

1.b3 Nf6 2.Bb2 d5 3.d3 g6 4.Bxf6 exf6 5.d4 Bg7 6.e3 O-O 7.g3 f5 8.Bg2 a5
9.a4 c6 10.Ne2 Re8 11.O-O Nd7 12.c4 Nb6 13.Nd2 c5 14.Rc1 cxd4 15.Nxd4 dxc4
16.Nxc4 Ra6 17.Nb5 Nxc4 18.bxc4 Bf8 19.c5 Rae6 20.Qb3 Re5 21.Rfd1 Qf6 22.Nd6 Rd8
23.Qb6 Re6 24.Bd5 Rexd6 25.cxd6 Rxd6 26.Bxf7+  1-0

[Event "Titled Tue 21st Jan Late"]
[Site "chess.com INT"]
[Date "2025.01.21"]
[Round "9"]
[White "Anton Guijarro,D"]
[Black "Nakamura,Hi"]
[Result "1-0"]
[WhiteElo "2664"]
[BlackElo "2802"]

1.e4 g6 2.d4 c6 3.Be3 d5 4.e5 Nh6 5.f4 Bg4 6.Qd2 f6 7.h3 Bd7 8.g4 f5 9.g5 Nf7
10.Nf3 e6 11.c4 h6 12.gxh6 Rxh6 13.Nc3 Be7 14.O-O-O Na6 15.Kb1 Qa5 16.h4 O-O-O
17.Nxd5 Bb4 18.Nxb4 Qxb4 19.Qxb4 Nxb4 20.a3 Na6 21.d5 c5 22.Rg1 b6 23.h5 gxh5
24.Rg7 Be8 25.Bh3 Kb8 26.Bf2 Ba4 27.Rdg1 Nh8 28.Bh4 Rf8 29.Rg8 Rxg8 30.Rxg8+ Kb7
31.Bg5 Rh7 32.dxe6  1-0

[Event "Titled Tue 21st Jan Late"]
[Site "chess.com INT"]
[Date "2025.01.21"]
[Round "10"]
[White "Brzezina,Piotr"]
[Black "Nakamura,Hi"]
[Result "0-1"]
[WhiteElo "2296"]
[BlackElo "2802"]

1.e4 g6 2.d4 c6 3.Nc3 d5 4.e5 e6 5.f4 c5 6.Nf3 b6 7.Be3 Nc6 8.h3 h5 9.Qd2 h4
10.Bf2 Be7 11.dxc5 bxc5 12.Na4 c4 13.Bc5 Bxc5 14.Nxc5 Nh6 15.Na4 Nf5 16.Nc3 Ng3
17.Rg1 Ba6 18.Ne2 Ne4 19.Qe3 Qa5+ 20.c3 Rb8 21.Qc1 Qb6 22.Rb1 Qf2+ 23.Kd1 Bb5
24.Qc2 Qe3 25.Nd2 Nf2+ 26.Ke1 Nd3+ 27.Kd1 d4 28.cxd4 Nf2+ 29.Ke1 Nd3+ 30.Kd1 Nxd4
31.Nxd4 Nf2+ 32.Kc1 Qe1+  0-1

[Event "Titled Tue 21st Jan Early"]
[Site "chess.com INT"]
[Date "2025.01.21"]
[Round "10"]
[White "Naroditsky,D"]
[Black "Nakamura,Hi"]
[Result "0-1"]
[WhiteElo "2619"]
[BlackElo "2802"]

1.e4 c5 2.c3 d5 3.exd5 Qxd5 4.d4 g6 5.Nf3 Bg7 6.Nbd2 cxd4 7.Bc4 Qd8 8.Nxd4 Nf6
9.O-O O-O 10.N2f3 Qc7 11.Qe2 Bg4 12.h3 Bxf3 13.Nxf3 Nc6 14.Rd1 e6 15.Bg5 Rac8
16.Bb3 Na5 17.Bxf6 Bxf6 18.Qe4 a6 19.Rd3 Rcd8 20.Rad1 Rxd3 21.Rxd3 Kg7 22.Nd4 Re8
23.Nc2 Nc6 24.Ne3 Bg5 25.Rd1 b5 26.Nd5 Qb8 27.Nf6 Rc8 28.Rd7 Bxf6 29.Qxe6 Ne5
30.Rxf7+ Nxf7 31.Qxf7+ Kh6 32.Qxf6 Re8 33.g4 Qe5 34.Qf3 Kg5 35.Bc2 Kh6 36.Kg2 Kg7
37.Qb7+ Re7 38.Qf3 Rf7 39.Qd3 Qf4 40.Qe2 Rd7 41.Bb3 Kh6 42.h4 Kg7 43.Qe6 Qd6
44.Qg8+ Kf6 45.g5+ Kf5 46.Qe8 Re7 47.Qc8+ Ke5 48.Qg4 Qc6+ 49.Kg3 Kd6 50.Qf4+ Kd7
51.Qg4+ Kc7 52.Qf4+ Qd6 53.Qxd6+ Kxd6 54.f4 a5 55.Kg4 a4 56.Bg8 Rg7 57.Bxh7 Rxh7
58.b3 axb3 59.axb3 Ke6 60.c4 bxc4 61.bxc4 Rc7 62.h5 gxh5+ 63.Kxh5 Rxc4 64.g6 Rxf4
65.Kh6 Kf6  0-1

[Event "Titled Tue 21st Jan Late"]
[Site "chess.com INT"]
[Date "2025.01.21"]
[Round "11"]
[White "Nakamura,Hi"]
[Black "Maksimovic,Bojan"]
[Result "1/2-1/2"]
[WhiteElo "2802"]
[BlackElo "2505"]

1.b3 Nf6 2.Bb2 g6 3.Bxf6 exf6 4.e3 d5 5.d4 h5 6.h4 c6 7.g3 Bd6 8.Bg2 O-O
9.Ne2 Nd7 10.c4 dxc4 11.bxc4 f5 12.O-O Nf6 13.Nd2 Qe7 14.Rb1 Re8 15.Qc2 Ng4
16.Rb3 a5 17.c5 Bc7 18.Rfb1 a4 19.Rd3 f4 20.Nxf4 Bxf4 21.gxf4 Qxh4 22.Nf3 Qf6
23.Ne5 g5 24.f3 Nxe5 25.fxe5 Qh6 26.Qf2 Re7 27.Rb6 h4 28.f4 Qh7 29.e4 gxf4
30.Qxf4 Re6 31.Bh3 Rg6+ 32.Kh2 Kh8 33.Rb2 Bxh3 34.Rxh3 Rh6 35.Rg2 Rg8 36.Rxg8+ Kxg8
37.Qg5+ Qg7 38.Qxg7+ Kxg7 39.Rf3 Rh8 40.Rf6 Rd8 41.Rd6 Ra8 42.Rd7 Kg6 43.Rxb7 a3
44.d5 Ra4 45.dxc6 Ra5 46.c7 Rxc5 47.e6 fxe6 48.Kh3 Kf6 49.Kxh4 Rc4 50.Kg3 Ke5
51.Kf2 Rc2+ 52.Ke3 Rc3+ 53.Kd2 Rc6 54.Kd3 Kd6 55.Ra7 Ke5 56.Ke3 Rc3+ 57.Kd2 Rc6
58.Kd3 Rc1 59.Rxa3 Rxc7 60.Ra5+ Kf4 61.Ra6 Rd7+ 62.Kc4 e5 63.a4 Kxe4 64.a5 Rd1
65.Ra8 Rc1+ 66.Kb3 Ra1 67.Kb4 Ke3 68.a6 e4 69.a7 Ke2 70.Kb3 e3 71.Kb2 Ra6
72.Kb3 Ke1 73.Re8 Rxa7 74.Rxe3+ Kd2 75.Rh3 Rb7+ 76.Kc4 Rc7+ 77.Kd5 Rd7+ 78.Ke6 Rd3
79.Rh2+ Kc3 80.Rh8 Re3+ 81.Kd5 Rd3+ 82.Ke5 Re3+ 83.Kf4 Re7 84.Rb8 Kc4 85.Kf5 Kd5
86.Rd8+ Kc6 87.Rd1 Re2 88.Kf4 Kc5 89.Kf3 Re8 90.Rc1+ Kd4 91.Rd1+ Kc5 92.Rd7 Kc6
93.Rd2 Kc5 94.Kf4 Kc6 95.Kf5 Kc5 96.Ra2 Kd4 97.Ra4+ Kd5 98.Rh4 Rf8+ 99.Kg6 Rf1
100.Ra4 Ke6 101.Ra2 Rg1+ 102.Kh7 Kf6 103.Rf2+ Ke7 104.Rf3 Ke6 105.Kh6 Ke7
106.Kh5 Ke6 107.Kh4 Ke5 108.Ra3 Kf4 109.Kh5 Kf5 110.Ra5+ Kf6 111.Kh4 Ke6
112.Kh3 Kf6 113.Ra8 Rg7 114.Ra6+ Kf5 115.Ra2 Kf4 116.Kh2 Kf3 117.Ra6 Rh7+
118.Kg1 Rg7+ 119.Kf1 Rb7 120.Ra3+ Ke4 121.Ke2 Rb2+ 122.Kd1 Kd4 123.Rh3 Ke4
124.Kc1  1/2-1/2

[Event "Titled Tue 21st Jan Early"]
[Site "chess.com INT"]
[Date "2025.01.21"]
[Round "11"]
[White "Nakamura,Hi"]
[Black "Niemann,Hans Moke"]
[Result "1-0"]
[WhiteElo "2802"]
[BlackElo "2734"]

1.b3 d5 2.Bb2 Nf6 3.d3 c5 4.Nf3 Bg4 5.Nbd2 Nc6 6.e3 e5 7.h3 Bxf3 8.Nxf3 Bd6
9.g3 a5 10.a4 O-O 11.Nd2 Re8 12.Bg2 Qd7 13.O-O Rad8 14.Qe2 Bc7 15.Rad1 h6
16.Nb1 Ne7 17.e4 Nc6 18.c3 d4 19.Na3 dxc3 20.Bxc3 Nd4 21.Qb2 Nh7 22.Bxd4 Qxd4
23.Qc2 b6 24.Nc4 Ng5 25.h4 Ne6 26.Bh3 Qd7 27.Bxe6 Rxe6 28.Qe2 Qe7 29.Ne3 Kh7
30.Kg2 Qd7 31.Nd5 Rd6 32.Qf3 Rxd5 33.exd5 Qxd5 34.Qxd5 Rxd5 35.Rfe1 f5 36.h5 Kg8
37.Kf3 Rd4 38.Ke2 Kf7 39.Rc1 Rb4 40.Rc3 Kf6 41.Rh1 Kg5 42.Kf3 Bd6 43.Ke3 Bb8
44.Rcc1 Bd6 45.Rb1 Rd4 46.f3 Be7 47.Rbg1 Rb4 48.Rb1 Kf6 49.Rh4 f4+ 50.gxf4 Kf5
51.Rg4 exf4+ 52.Kd2 Bf6 53.Kc2 Rd4 54.Re1 Be5 55.Rg6 Bf6 56.Re4 Rd8 57.Rg1 Be5
58.Kd2 Rd7 59.Kc2 Rd5 60.Rge1 Kf6 61.Rh1 Kf5 62.Rh2 Rd6 63.Rg2 Rd5 64.Rg6 Bf6
65.Re8 Rd7 66.Rb8 Rd6 67.Re8 Rd7 68.Rg1 Rd6 69.Rge1 Kg5 70.Rh1 Kf5 71.Rb8 Re6
72.Kd2 Bd4 73.Rf8+ Bf6 74.Rg1 Re5 75.Re1 Rd5 76.Re4 Kg5 77.Ke2 Kxh5 78.Rxf4 Kg6
79.Rg4+ Kf5 80.Re4 h5 81.f4 Rd6 82.Ke3 Kg4 83.f5+ Kxf5 84.Ke2 g5 85.Ke3 h4
86.Ke2 g4 87.Ke3 g3 88.Rf4+ Ke5 89.Re4+ Kf5 90.Rf4+ Ke5 91.Re4+ Kd5 92.Rg4 Bd4+
93.Kf3 Rf6+ 94.Rxf6 Bxf6 95.Rg6 Ke5 96.Rg4 Kf5 97.Rf4+ Ke6 98.Rg4 Kd5 99.Re4 Be5
100.Rxh4 Bd6 101.Rh6 Bc7 102.Rh4 Bd6 103.Rg4 Be5 104.Ke2 Bd6 105.Ke3 Be5
106.Rg5 Ke6 107.Ke4 Bc7 108.Rg6+ Kf7 109.Kf5 Ke7 110.Rg7+ Kd6 111.Rxg3 Kd5
112.Rg4 Bd6 113.Re4 Bc7 114.Kf6 Bd6 115.Kf7 Be5 116.Ke7 Bd4 117.Kd7 c4 118.bxc4+ Kc5
119.Kc7 Bc3 120.Re6 Kb4 121.Kxb6 Kxa4 122.c5 Bd4 123.Re4 Kb3 124.Rxd4  1-0

[Event "Titled Tue 28th Jan Early"]
[Site "chess.com INT"]
[Date "2025.01.28"]
[Round "1"]
[White "Olhovik,Andrei"]
[Black "Nakamura,Hi"]
[Result "0-1"]
[WhiteElo "2282"]
[BlackElo "2802"]

1.d4 g6 2.c4 Bg7 3.e4 d6 4.Nc3 c5 5.d5 e6 6.h3 exd5 7.cxd5 Ne7 8.Nf3 a6 9.a4 O-O
10.g4 f5 11.exf5 gxf5 12.g5 Nd7 13.h4 Ne5 14.Nxe5 Bxe5 15.f4 Bd4 16.h5 Bd7
17.Bg2 b5 18.Ne2 Bg7 19.axb5 Bxb5 20.O-O Qe8 21.h6 Bh8 22.Rf2 Ng6 23.Nc3 Bd4
24.Bd2 Bd3 25.Ra4 Rb8 26.Be1 c4 27.Ne2 Bxf2+ 28.Kxf2 Rxb2 29.Bd2 Bxe2 30.Qxe2 Qxe2+
31.Kxe2 c3  0-1